000 00449nam a22001457a 4500
005 20250223164620.0
008 250223b |||||||| |||| 00| 0 eng d
020 _a9780766826595
050 _aRK52
_b.D54
100 _aDietz, Ellen
245 _aSafety Standards and Infection Control for Dental Assistants/
_cEllen Dietz
260 _aAustralia
_bDelmar Thomson Learning
_c2002
300 _axxvi. 309p.
_bill. some color
_c23.5cm
942 _2lcc
_cBK
_n0
999 _c4213
_d4213